[Event "ICS rated blitz match"]
[Site "204.178.125.65"]
[Date "2001.01.17"]
[Round "?"]
[White "Hossa"]
[Black "Valg"]
[Result "0-1"]
[WhiteElo "2570"]
[BlackElo "2717"]
[PlyCount "78"]
[EventDate "2001.??.??"]

1. e4 c5 2. Ne2 Nc6 3. d4 cxd4 4. Nxd4 Nf6 5. Nc3 d6 6. Bb5 Bd7 7. O-O g6 8.
Nxc6 bxc6 9. Bc4 Bg7 10. Be3 Ng4 11. Bd4 e5 12. Be3 d5 13. Be2 Nxe3 14. fxe3 d4
15. exd4 exd4 16. Na4 Rb8 17. Bg4 Bxg4 18. Qxg4 d3 19. c3 Bh6 20. Qh3 Bg5 21.
Nc5 d2 22. e5 Rxb2 23. e6 f5 24. Qg3 Qb6 25. Qe5 O-O 26. e7 Re8 27. Kh1 Rxe7
28. Qd6 Qb5 29. Ne6 Bf6 30. Nd8 Rb1 31. Raxb1 Qxb1 32. Kg1 Qb6+ 33. Kh1 Qf2 34.
Rg1 Re1 35. Qe6+ Rxe6 36. Nxe6 Bh4 37. h3 Qxg1+ 38. Kxg1 Bg3 39. a3 d1=Q# {
Hossa checkmated} 0-1

[Event "ICS rated blitz match"]
[Site "204.178.125.65"]
[Date "2001.01.17"]
[Round "?"]
[White "Valg"]
[Black "Hossa"]
[Result "1-0"]
[WhiteElo "2732"]
[BlackElo "2560"]
[PlyCount "135"]
[EventDate "2001.??.??"]

1. d4 d5 2. c4 dxc4 3. Nf3 Nf6 4. e3 g6 5. Bxc4 Bg7 6. O-O O-O 7. Nc3 Bg4 8. h3
Bxf3 9. Qxf3 c6 10. Bd2 Nbd7 11. Rac1 Nb6 12. Bb3 Qd6 13. a3 Rab8 14. Ne2 Bh6
15. Bb4 Qd7 16. Bc5 Rfd8 17. a4 Ra8 18. Nf4 Qe8 19. Nd3 Nbd7 20. Bb4 a5 21. Bd2
e6 22. Nc5 Ra7 23. Nxd7 Nxd7 24. Bc2 Raa8 25. Bb3 Ra7 26. Bc2 Raa8 27. Bc3 Qe7
28. Bb3 Qh4 29. Be1 Re8 30. Rc4 Qg5 31. Bd2 Bg7 32. Rd1 f5 33. Bc2 Qh4 34. Bb3
Qe7 35. Rdc1 Qd6 36. R4c3 Nf6 37. R3c2 Ne4 38. Be1 Qe7 39. Bc4 Qh4 40. Qe2 Nd6
41. Bd3 Qe7 42. Rc5 Qc7 43. Qd2 Qb6 44. Qc3 Nf7 45. Qc2 e5 46. Bc4 exd4 47.
exd4 Re4 48. Bxf7+ Kxf7 49. Qc4+ Kf8 50. Bc3 Qd8 51. Rd1 Bf6 52. Rd3 Qb6 53.
Re3 Rxe3 54. fxe3 Be7 55. Re5 Bd6 56. Re6 Qc7 57. Rf6+ Kg7 58. d5 Bh2+ 59. Kh1
Qg3 60. Rxf5+ Kh6 61. Rf4 g5 62. Rf6+ Kh5 63. Qe2+ g4 64. Qd3 Qxg2+ 65. Kxg2
gxh3+ 66. Kxh2 cxd5 67. Qxd5+ Kg4 68. Rf4# {Hossa checkmated} 1-0

[Event "ICS rated standard match"]
[Site "204.178.125.65"]
[Date "2001.01.17"]
[Round "?"]
[White "Hossa"]
[Black "LuisRoque"]
[Result "1-0"]
[WhiteElo "2309"]
[BlackElo "1983"]
[PlyCount "29"]
[EventDate "2001.??.??"]

1. d4 d5 2. c4 c6 3. Nf3 Bf5 4. cxd5 Qxd5 5. Nc3 Qd8 6. e4 Bg4 7. Qb3 Qc7 8.
Bf4 Qc8 9. Bc4 e6 10. Ne5 Bh5 11. g4 Bg6 12. h4 h5 13. Nxg6 fxg6 14. Bxe6 Nd7
15. Bxg8 {LuisRoque resigns} 1-0

[Event "ICS rated standard match"]
[Site "204.178.125.65"]
[Date "2001.01.17"]
[Round "?"]
[White "Morr"]
[Black "Hossa"]
[Result "1-0"]
[WhiteElo "2324"]
[BlackElo "2313"]
[PlyCount "145"]
[EventDate "2001.??.??"]

1. e4 c5 2. Nf3 Nc6 3. d4 cxd4 4. Nxd4 e6 5. Nb5 d6 6. Bf4 e5 7. Be3 Nf6 8.
N1c3 a6 9. Na3 Be6 10. Nc4 b5 11. Nb6 Rb8 12. Nbd5 Ng4 13. Bd2 b4 14. Na4 f5
15. Bxa6 fxe4 16. c4 Nd4 17. h3 Bxd5 18. cxd5 Nf6 19. Bc4 Be7 20. Rc1 Qa5 21.
O-O Rd8 22. a3 Nxd5 23. Bxd5 Qxd5 24. Bxb4 O-O 25. Rc7 Rf7 26. Nc3 Qa8 27. Re1
Ne6 28. Rxe7 Rxe7 29. Nxe4 Nf4 30. g3 Nxh3+ 31. Kh2 Nxf2 32. Nxf2 Re6 33. Ng4
Rg6 34. Nf2 Rf8 35. Ne4 Rh6+ 36. Kg1 Qa7+ 37. Kg2 Qd7 38. Qd5+ Kh8 39. Ng5 Qf5
40. Qf3 Qc8 41. Rc1 Qd8 42. Nf7+ Rxf7 43. Qxf7 Qa8+ 44. Qf3 e4 45. Qg4 e3+ 46.
Qf3 Qg8 47. Qb7 Rf6 48. Rc8 Rf2+ 49. Kg1 Rf8 50. Bc3 Rxc8 51. Bxg7+ Qxg7 52.
Qxc8+ Qg8 53. Qxg8+ Kxg8 54. a4 Kg7 55. a5 d5 56. a6 d4 57. a7 d3 58. Kf1 Kf6
59. a8=Q Ke5 60. Qf3 Kd4 61. Qf4+ Kd5 62. Qxe3 Kc6 63. Qxd3 Kc5 64. Ke2 Kc6 65.
Qd4 Kc7 66. Qd5 Kc8 67. Qf7 h6 68. b4 Kb8 69. b5 Kc8 70. b6 Kd8 71. g4 h5 72.
b7 hxg4 73. b8=Q# {Hossa checkmated} 1-0

[Event "ICS rated standard match"]
[Site "204.178.125.65"]
[Date "2001.01.17"]
[Round "?"]
[White "Hossa"]
[Black "SHOW-ME"]
[Result "0-1"]
[WhiteElo "2298"]
[BlackElo "2110"]
[PlyCount "112"]
[EventDate "2001.??.??"]

1. e4 c5 2. Nf3 d6 3. d4 cxd4 4. Nxd4 Nf6 5. Nc3 g6 6. Be3 Bg7 7. f3 O-O 8. Qd2
Nc6 9. Bc4 Bd7 10. h4 Ne5 11. Bf1 Rc8 12. g4 Nc4 13. Bxc4 Rxc4 14. O-O-O Qc7
15. h5 Rc8 16. hxg6 fxg6 17. g5 Nh5 18. Kb1 a5 19. Qh2 Rxc3 20. bxc3 Qb6+ 21.
Ka1 Rxc3 22. Qf2 Ba4 23. Rd2 Bxc2 24. Qg1 Ng3 25. Qxg3 Rxe3 26. e5 Bxe5 27. Qh4
Qb4 28. Rxc2 Bxd4+ 29. Qxd4 Qxd4+ 30. Kb1 Qd5 31. Rb2 Qxg5 32. Rxb7 Qf5+ 33.
Ka1 Qxf3 34. Rb8+ Kg7 35. Rh2 Re2 36. Rxe2 Qxe2 37. Kb1 d5 38. a3 d4 39. Rb2 d3
40. Rxe2 dxe2 41. Kc2 e1=Q 42. Kd3 h5 43. Kd4 h4 44. Kd5 h3 45. Kc6 Qd2 46. Kb6
Qb4+ 47. axb4 axb4 48. Kc5 b3 49. Kd5 b2 50. Ke5 b1=Q 51. Kd4 h2 52. Kc4 Qf5
53. Kc3 h1=Q 54. Kd2 Qhh3 55. Ke2 Qc2+ 56. Ke1 Qh1# {Hossa checkmated} 0-1

[Event "ICS rated blitz match"]
[Site "204.178.125.65"]
[Date "2001.01.17"]
[Round "?"]
[White "Valg"]
[Black "Hossa"]
[Result "1-0"]
[WhiteElo "2742"]
[BlackElo "2551"]
[PlyCount "131"]
[EventDate "2001.??.??"]

1. d4 d5 2. c4 dxc4 3. Nf3 Nf6 4. e3 g6 5. Bxc4 Bg7 6. O-O O-O 7. Nc3 Nfd7 8.
Qe2 Nb6 9. Bb3 Nc6 10. Rd1 Bf5 11. h3 Na5 12. Bc2 Bxc2 13. Qxc2 Nc6 14. Ne4 Qd5
15. Nc5 Nb4 16. Qd2 a5 17. a3 Na6 18. e4 Qc6 19. Qxa5 Nc4 20. Qa4 b5 21. Qc2
Nxc5 22. dxc5 Rfd8 23. Rxd8+ Rxd8 24. a4 Qd7 25. axb5 Qxb5 26. Rb1 Qb4 27. b3
Ne5 28. Bg5 Nxf3+ 29. gxf3 Re8 30. Rd1 Bd4 31. c6 Rd8 32. Kg2 f6 33. Be3 e5 34.
f4 Rb8 35. Rd2 Bxe3 36. fxe3 Re8 37. Rd7 exf4 38. exf4 Rxe4 39. Qd1 Re7 40.
Qd5+ Kf8 41. Rxc7 Rxc7 42. Qd8+ Kg7 43. Qxc7+ Kh6 44. Qd7 Qe4+ 45. Kf2 Qc2+ 46.
Ke3 Qxb3+ 47. Kd4 Qb4+ 48. Kd5 Qb3+ 49. Kd6 Qa3+ 50. Ke6 Qxh3+ 51. Kf7 Qb3+ 52.
Qe6 Qc3 53. Kg8 f5 54. Qe7 Qc4+ 55. Qf7 Qxf4 56. c7 Qc1 57. Qf8+ Kh5 58. c8=Q
Qg1 59. Qf7 Kg5 60. Qd8+ Kg4 61. Qc4+ f4 62. Qe6+ Kg3 63. Qg5+ Kf3 64. Qxg1 g5
65. Qd5+ Ke2 66. Qdd1# {Hossa checkmated} 1-0

[Event "ICS rated blitz match"]
[Site "204.178.125.65"]
[Date "2001.01.17"]
[Round "?"]
[White "Hossa"]
[Black "Valg"]
[Result "0-1"]
[WhiteElo "2543"]
[BlackElo "2754"]
[PlyCount "124"]
[EventDate "2001.??.??"]

1. e4 e5 2. f4 exf4 3. Bc4 Nf6 4. Nc3 c6 5. d4 Bb4 6. e5 Ne4 7. Kf1 Nxc3 8.
bxc3 Bxc3 9. Rb1 c5 10. dxc5 g5 11. Qd6 Nc6 12. Nf3 g4 13. Bd2 gxf3 14. Bxc3
fxg2+ 15. Kxg2 Rg8+ 16. Kf3 Qh4 17. Bf1 Rg6 18. Qd2 Qg4+ 19. Kf2 Rg5 20. Qd5 f6
21. Bc4 Qh4+ 22. Ke2 Qh5+ 23. Kd2 Ne7 24. Qd6 fxe5 25. Bd3 f3 26. Be4 Rg2+ 27.
Kd3 Qg5 28. Bxf3 b6 29. Qxe5 Ba6+ 30. Ke4 Bb7+ 31. Kd3 Qxe5 32. Bxe5 Bxf3 33.
Rhe1 Nf5 34. cxb6 axb6 35. Rxb6 Ra3+ 36. Bc3+ Kd8 37. Rf6 Nh4 38. Rh6 Rxh2 39.
Rxh7 Bg4 40. Rh8+ Kc7 41. Re3 Kb7 42. Rh6 Bf5+ 43. Kc4 Ng2 44. Rb6+ Ka7 45. Rf3
Nh4 46. Rxf5 Nxf5 47. Rb3 Rxa2 48. Kd3 Raxc2 49. Ke4 Ng3+ 50. Kd3 d6 51. Rb4
Ka6 52. Rb3 d5 53. Rb8 Ne4 54. Bb4 Rc4 55. Ke3 Rh3+ 56. Ke2 Rc2+ 57. Kd1 Rf2
58. Ra8+ Kb7 59. Rb8+ Kxb8 60. Bd6+ Nxd6 61. Ke1 Rhh2 62. Kd1 Rf1# {
Hossa checkmated} 0-1

[Event "ICS rated blitz match"]
[Site "204.178.125.65"]
[Date "2001.01.17"]
[Round "?"]
[White "Dorky"]
[Black "Hossa"]
[Result "1-0"]
[WhiteElo "2416"]
[BlackElo "2536"]
[PlyCount "167"]
[EventDate "2001.??.??"]

1. e4 c5 2. Nf3 e6 3. d4 cxd4 4. Nxd4 Nc6 5. Nc3 d6 6. Be2 Nf6 7. Be3 Be7 8.
O-O O-O 9. f4 Bd7 10. Qd2 d5 11. exd5 Nxd5 12. Nxd5 exd5 13. Bf3 Nxd4 14. Bxd4
Be6 15. c3 Re8 16. Rad1 Qa5 17. a3 Qb5 18. Bf2 Rad8 19. Rfe1 b6 20. Re2 Qc4 21.
f5 Bd7 22. Rde1 Bc5 23. Rxe8+ Bxe8 24. Bxd5 Bxf2+ 25. Kxf2 Qc8 26. Re5 Kh8 27.
Qe3 Kg8 28. c4 Bc6 29. Qg5 Bxd5 30. f6 Qc5+ 31. Kg3 Qf8 32. cxd5 h6 33. Qxg7+
Qxg7+ 34. fxg7 Kxg7 35. h4 f6 36. Rf5 Rg8 37. a4 Kg6 38. Kg4 Re8 39. h5+ Kf7
40. g3 Re2 41. b3 Rd2 42. b4 Rd4+ 43. Rf4 Rxd5 44. Rc4 Ke6 45. b5 Ke5 46. Kf3
Rd3+ 47. Kg4 f5+ 48. Kh3 Rd1 49. Rc7 Ke4 50. Rf7 Rh1+ 51. Kg2 Rxh5 52. Rxa7 Rg5
53. Ra6 f4 54. Rxb6 Rxg3+ 55. Kh2 Ra3 56. Ra6 h5 57. a5 Ra2+ 58. Kh3 f3 59. Ra7
Ra1 60. Kg3 h4+ 61. Kf2 Ra2+ 62. Kg1 h3 63. b6 Rg2+ 64. Kh1 f2 65. Re7+ Kf5 66.
Rf7+ Ke6 67. Rxf2 Rxf2 68. a6 Rf1+ 69. Kh2 Kd6 70. a7 Rb1 71. a8=Q Rb2+ 72.
Kxh3 Rb3+ 73. Kg4 Rb4+ 74. Kf5 Rb5+ 75. Kf6 Kc5 76. b7 Rb6+ 77. Ke5 Rb5 78.
Qc8+ Kb6+ 79. Kd4 Rb4+ 80. Kc3 Rb3+ 81. Kxb3 Ka5 82. Qa8+ Kb5 83. b8=Q+ Kc5 84.
Qb4# {Hossa checkmated} 1-0

[Event "ICS rated blitz match"]
[Site "204.178.125.65"]
[Date "2001.01.17"]
[Round "?"]
[White "Hossa"]
[Black "Dorky"]
[Result "1-0"]
[WhiteElo "2515"]
[BlackElo "2452"]
[PlyCount "107"]
[EventDate "2001.??.??"]

1. e4 c5 2. Nf3 Nc6 3. d4 cxd4 4. Nxd4 Qc7 5. Nb5 Qa5+ 6. Bd2 Qd8 7. Bd3 a6 8.
N5c3 e5 9. Nd5 Nge7 10. Qh5 d6 11. Nbc3 b5 12. Bg5 b4 13. Na4 a5 14. Bb5 Bd7
15. Nab6 Ra7 16. O-O Qb8 17. Be3 Qd8 18. Nxe7 Nxe7 19. Nxd7 Rxd7 20. Qd1 Qc7
21. Bxd7+ Qxd7 22. Qd2 Nc6 23. Rfd1 Qb7 24. Bg5 h6 25. Bh4 Rg8 26. Qd5 Qb6 27.
Rd3 Qc5 28. Qxc5 dxc5 29. b3 Nd4 30. Rd2 g5 31. Bg3 f6 32. Rad1 h5 33. f3 g4
34. f4 h4 35. Bxh4 Bh6 36. Rd3 Bxf4 37. Bxf6 Rf8 38. Bh4 a4 39. h3 gxh3 40.
Rxh3 Nxc2 41. Rd8+ Kf7 42. Rxf8+ Kxf8 43. Bf2 Nd4 44. Bxd4 cxd4 45. bxa4 Bg5
46. a5 Be7 47. a6 Bc5 48. Rh7 Bb6 49. a7 Bxa7 50. Rxa7 Ke8 51. Ra5 Kf8 52. Rxe5
d3 53. Rd5 Kf7 54. Rxd3 {Dorky resigns} 1-0

[Event "ICS rated blitz match"]
[Site "204.178.125.65"]
[Date "2001.01.17"]
[Round "?"]
[White "Valg"]
[Black "Hossa"]
[Result "1-0"]
[WhiteElo "2788"]
[BlackElo "2528"]
[PlyCount "127"]
[EventDate "2001.??.??"]

1. d4 e6 2. c4 Bb4+ 3. Bd2 a5 4. Nf3 d6 5. g3 Nd7 6. Bxb4 axb4 7. Qb3 c5 8. Bg2
e5 9. dxc5 dxc5 10. O-O Ngf6 11. Rd1 Qe7 12. Qe3 O-O 13. h3 e4 14. Nbd2 h6 15.
Nb3 Qe6 16. Nfd2 Qe5 17. Nxe4 Nxe4 18. Bxe4 Qxb2 19. Bxb7 Ra7 20. Bxc8 Rxc8 21.
Rd2 Qe5 22. Qxe5 Nxe5 23. Rc1 Nd7 24. Kg2 Kf8 25. Kf3 Re8 26. e3 Re6 27. Rcd1
Ne5+ 28. Kg2 Rc7 29. Rd5 Nxc4 30. Nxc5 Rxe3 31. Na6 Ra7 32. Nxb4 Re8 33. Rd8 f5
34. Rxe8+ Kxe8 35. Rd4 Nb6 36. Rd6 Nc4 37. Rc6 Nd2 38. Rc2 Rd7 39. a4 Kf7 40.
a5 f4 41. gxf4 Rd6 42. a6 Rg6+ 43. Kh1 Nf3 44. Rc7+ Kg8 45. Rc1 Rd6 46. Rc8+
Kh7 47. a7 Rd1+ 48. Kg2 Ra1 49. a8=Q Nh4+ 50. Kg3 Nf5+ 51. Kg4 Rxa8 52. Rxa8
Nd6 53. Nd3 Nc4 54. Nc5 Nb6 55. Rd8 g6 56. Ne6 Na4 57. f5 gxf5+ 58. Kxf5 Nc5
59. Nxc5 Kg7 60. Rd7+ Kf8 61. Kf6 Kg8 62. Ne6 h5 63. Kg6 h4 64. Rd8# {
Hossa checkmated} 1-0

[Event "ICS rated blitz match"]
[Site "204.178.125.65"]
[Date "2001.01.17"]
[Round "?"]
[White "Hossa"]
[Black "Valg"]
[Result "1-0"]
[WhiteElo "2522"]
[BlackElo "2797"]
[PlyCount "66"]
[EventDate "2001.??.??"]

1. e4 c5 2. Nf3 d6 3. d4 cxd4 4. Nxd4 Nf6 5. Nc3 a6 6. a4 e6 7. Be2 Be7 8. O-O
O-O 9. f4 Qc7 10. Kh1 Nc6 11. Be3 Re8 12. Bf3 Rb8 13. Qd2 Bd7 14. Nb3 b6 15.
Rad1 Bc8 16. Qf2 Nd7 17. f5 exf5 18. Bg4 Bf6 19. Nd5 Qd8 20. Bxf5 Bxb2 21. c3
Ba3 22. Bg5 f6 23. Qh4 h6 24. Bxh6 Nce5 25. Qg3 Re7 26. Nd4 Nc5 27. Nxf6+ Kf8
28. Bxc8 Rxc8 29. Nf5 Ne6 30. Nd5 Rf7 31. Nxg7 Nxg7 32. Rxf7+ Nxf7 33. Bxg7+
Ke8 {Valg resigns} 1-0

[Event "ICS rated blitz match"]
[Site "204.178.125.65"]
[Date "2001.01.17"]
[Round "?"]
[White "manjenosi"]
[Black "Hossa"]
[Result "0-1"]
[WhiteElo "1991"]
[BlackElo "2549"]
[PlyCount "44"]
[EventDate "2001.??.??"]

1. d4 e6 2. c4 Bb4+ 3. Bd2 a5 4. Nf3 d6 5. g3 Bxd2+ 6. Nbxd2 Nf6 7. Bg2 O-O 8.
O-O Nc6 9. e4 e5 10. d5 Nb4 11. a3 Na6 12. Qc2 b6 13. Nh4 Bd7 14. f4 exf4 15.
gxf4 Ng4 16. Ndf3 Ne3 17. Qf2 Nxf1 18. Rxf1 Nc5 19. Ng5 h6 20. Nh3 Bxh3 21.
Bxh3 Nxe4 22. Qg2 Qxh4 {manjenosi resigns} 0-1

[Event "ICS rated blitz match"]
[Site "204.178.125.65"]
[Date "2001.01.17"]
[Round "?"]
[White "Valg"]
[Black "Hossa"]
[Result "1-0"]
[WhiteElo "2760"]
[BlackElo "2550"]
[PlyCount "95"]
[EventDate "2001.??.??"]

1. d4 e6 2. c4 Bb4+ 3. Bd2 a5 4. Nf3 d6 5. g3 Bxd2+ 6. Qxd2 Nd7 7. Nc3 Ngf6 8.
e4 O-O 9. e5 dxe5 10. dxe5 Ng4 11. Qf4 Nh6 12. O-O-O f6 13. Bh3 Qe8 14. Nb5
fxe5 15. Qd2 Nb6 16. Nxc7 Qa4 17. Nxe5 Qxa2 18. Qd4 Nf7 19. f4 Nxe5 20. fxe5
Qa1+ 21. Kc2 Qa4+ 22. Kb1 Qc6 23. Nxa8 Nxa8 24. Rhf1 Re8 25. Qf2 Qc7 26. Rd6
Qe7 27. Qa7 Nc7 28. Qxa5 Na6 29. Qb6 Nb8 30. Bg2 Kh8 31. Rd4 Nc6 32. Bxc6 bxc6
33. Qxc6 Rg8 34. Rdf4 h6 35. Rf7 Qb4 36. Rc7 Qb8 37. Rff7 Kh7 38. Qe4+ Kh8 39.
Qg6 Qxc7 40. Rxc7 Ba6 41. Qxe6 Rf8 42. Qxa6 Rf1+ 43. Ka2 Kh7 44. Qb7 Rf7 45.
Qe4+ Kg8 46. Qd5 Kh7 47. Qxf7 h5 48. Qxg7# {Hossa checkmated} 1-0

[Event "ICS rated blitz match"]
[Site "204.178.125.65"]
[Date "2001.01.17"]
[Round "?"]
[White "Hossa"]
[Black "cmslim"]
[Result "0-1"]
[WhiteElo "2547"]
[BlackElo "2865"]
[PlyCount "160"]
[EventDate "2001.??.??"]

1. d4 Nf6 2. c4 e6 3. Nc3 Bb4 4. e3 O-O 5. Bd3 d5 6. Nge2 dxc4 7. Bxc4 c5 8.
O-O cxd4 9. Nxd4 Qc7 10. Qe2 a6 11. Bd2 Bd6 12. Nf3 b5 13. Bd3 Bb7 14. Rac1 Qd7
15. b3 Rd8 16. Bc2 b4 17. Na4 Qb5 18. Rfe1 Qh5 19. e4 Nbd7 20. Bd3 a5 21. Red1
Bb8 22. Rc2 Ne5 23. Nxe5 Qxe5 24. g3 Ba7 25. Bf4 Qh5 26. Qxh5 Nxh5 27. Bc7 Rxd3
28. Rxd3 Bxe4 29. Rdd2 Bxc2 30. Rxc2 h6 31. Rc4 Nf6 32. Bxa5 Bxf2+ 33. Kxf2
Rxa5 34. Rxb4 Kf8 35. Rb8+ Ke7 36. Rb7+ Ke8 37. a3 Ng4+ 38. Kg1 Ne5 39. Rb8+
Ke7 40. Rg8 g6 41. Rh8 Nf3+ 42. Kg2 Nd4 43. Rxh6 Nxb3 44. Rh4 e5 45. Kh3 Ke6
46. Rc4 Nd2 47. Rb4 f5 48. Rb6+ Kd5 49. Nb2 Rxa3 50. Rxg6 f4 51. Rg8 Nf1 52.
Nd1 f3 53. Rd8+ Ke4 54. g4 Ra7 55. Nc3+ Ke3 56. Nd1+ Ke2 57. Nc3+ Kf2 58. Ne4+
Ke3 59. Nf6 Ke2 60. Kh4 Nxh2 61. Ne4 Ke3 62. Ng3 Rh7+ 63. Kg5 Rg7+ 64. Kf6 Rxg4
65. Nf5+ Kf4 66. Rf8 f2 67. Ke6 Rg6+ 68. Ke7 Ng4 69. Ng7+ Kg5 70. Rf5+ Kh4 71.
Kf7 Rxg7+ 72. Kxg7 e4 73. Rf7 e3 74. Re7 f1=Q 75. Ra7 Qf6+ 76. Kh7 e2 77. Ra1
Qxa1 78. Kg6 e1=Q 79. Kf7 Qh8 80. Kg6 Qe6# {Hossa checkmated} 0-1

[Event "ICS rated blitz match"]
[Site "204.178.125.65"]
[Date "2001.01.17"]
[Round "?"]
[White "Valg"]
[Black "Hossa"]
[Result "1-0"]
[WhiteElo "2748"]
[BlackElo "2543"]
[PlyCount "131"]
[EventDate "2001.??.??"]

1. d4 Nf6 2. c4 e6 3. Nc3 Bb4 4. e3 O-O 5. Bd3 d5 6. Nf3 c5 7. O-O cxd4 8. exd4
dxc4 9. Bxc4 Nc6 10. Bg5 h6 11. Bh4 g5 12. Bg3 g4 13. Ne1 Nxd4 14. Be5 b5 15.
Qxd4 bxc4 16. Bxf6 Qxd4 17. Bxd4 Rd8 18. Nc2 Be7 19. Rfd1 f5 20. g3 Rb8 21.
Rab1 a5 22. Ne3 Ba6 23. Ne2 Re8 24. Be5 Rbc8 25. Rd7 Kf7 26. Rbd1 Bb5 27. Ra7
Ra8 28. Rc7 Rec8 29. Nc3 Rxc7 30. Bxc7 Ba6 31. Bxa5 Rb8 32. Na4 Rb7 33. Nb6 Bb4
34. Bxb4 Rxb6 35. a3 Bb5 36. Rd4 Rc6 37. Kg2 Rc8 38. f4 gxf3+ 39. Kxf3 Kg6 40.
g4 fxg4+ 41. Nxg4 Kg7 42. Rf4 Rc7 43. Bc3+ Kg8 44. Nxh6+ Kh7 45. Ng4 Ba4 46.
Ke3 Bb3 47. Rf6 Rc5 48. Rxe6 Kg8 49. Re7 Rc6 50. Nf6+ Kf8 51. Rb7 Re6+ 52. Kf4
Rxf6+ 53. Bxf6 Ba4 54. Re7 Bc2 55. h4 Bd1 56. Ke5 Be2 57. Kd4 Bd3 58. h5 Bf5
59. h6 c3 60. bxc3 Bc2 61. h7 Bxh7 62. Rxh7 Kg8 63. Rd7 Kf8 64. Ke5 Kg8 65. Ke6
Kf8 66. Rd8# {Hossa checkmated} 1-0

[Event "ICS rated blitz match"]
[Site "204.178.125.65"]
[Date "2001.01.17"]
[Round "?"]
[White "Hossa"]
[Black "Valg"]
[Result "0-1"]
[WhiteElo "2535"]
[BlackElo "2760"]
[PlyCount "138"]
[EventDate "2001.??.??"]

1. d4 Nf6 2. c4 e6 3. Nc3 Bb4 4. e3 O-O 5. Bd3 d5 6. Nf3 c5 7. O-O Nc6 8. a3
Bxc3 9. bxc3 dxc4 10. Bxc4 Qc7 11. Bd3 e5 12. Qc2 Re8 13. Ng5 h6 14. Ne4 Nxe4
15. Bxe4 exd4 16. exd4 cxd4 17. cxd4 Qd6 18. d5 Nd4 19. Qd3 f5 20. Bf3 Nxf3+
21. Qxf3 Re4 22. Rd1 Bd7 23. Be3 b6 24. Rd4 Rae8 25. h3 R8e5 26. Qg3 Rxd4 27.
Bxd4 f4 28. Qc3 Rxd5 29. Bxg7 Rg5 30. Bf6 Rg6 31. Bh4 Bc6 32. Qc4+ Bd5 33. Qc8+
Kh7 34. Rd1 Rxg2+ 35. Kf1 Rg6 36. Qf5 Bg2+ 37. Ke1 Qe6+ 38. Qxe6 Rxe6+ 39. Kd2
Bxh3 40. Re1 Rd6+ 41. Kc3 Kg6 42. Rg1+ Kh7 43. Re1 Kg6 44. Rg1+ Kh5 45. Be7 Re6
46. Rg7 a6 47. Bd8 b5 48. Kb4 Re4+ 49. Kb3 f3 50. Rg3 Bg4 51. Rg1 Kg6 52. Rd1
Be6+ 53. Kc3 Re2 54. Rd2 h5 55. Rxe2 fxe2 56. Kd2 Bg4 57. Be7 a5 58. Bd6 h4 59.
Be7 h3 60. Bd6 b4 61. axb4 axb4 62. f3 Bxf3 63. Bg3 Kf5 64. Kc2 h2 65. Bxh2
e1=Q 66. Kb3 Qc3+ 67. Ka4 Be2 68. Ka5 Qc5+ 69. Ka4 Bd1# {Hossa checkmated} 0-1

[Event "ICS rated blitz match"]
[Site "204.178.125.65"]
[Date "2001.01.17"]
[Round "?"]
[White "blunite"]
[Black "Hossa"]
[Result "0-1"]
[WhiteElo "2237"]
[BlackElo "2528"]
[PlyCount "50"]
[EventDate "2001.??.??"]

1. d4 Nf6 2. Bf4 g6 3. h3 Bg7 4. Nd2 Nh5 5. Be3 c5 6. c3 cxd4 7. Bxd4 O-O 8.
Bxg7 Nxg7 9. g3 d5 10. Ngf3 Nc6 11. Bg2 e5 12. Nb3 b6 13. O-O Be6 14. Qd2 a5
15. Ng5 a4 16. Nxe6 fxe6 17. Nc1 e4 18. b3 Nf5 19. b4 Ne5 20. a3 Nc4 21. Qc2 e3
22. g4 exf2+ 23. Rxf2 Nfe3 24. Rxf8+ Qxf8 25. Qd3 Qf4 {blunite resigns} 0-1

[Event "ICS rated blitz match"]
[Site "204.178.125.65"]
[Date "2001.01.17"]
[Round "?"]
[White "Hossa"]
[Black "Valg"]
[Result "0-1"]
[WhiteElo "2533"]
[BlackElo "2758"]
[PlyCount "142"]
[EventDate "2001.??.??"]

1. e4 e5 2. Nf3 Nc6 3. Bb5 a6 4. Ba4 Nf6 5. O-O Be7 6. Re1 b5 7. Bb3 O-O 8. c3
d6 9. h3 Bb7 10. d3 Na5 11. Bc2 c5 12. Be3 Qc7 13. Nbd2 d5 14. Bg5 h6 15. Bh4
dxe4 16. Bxf6 Bxf6 17. Nxe4 Be7 18. Ng3 Nc6 19. Qe2 Rfe8 20. Bb3 Rad8 21. Rad1
Bf8 22. Nf5 Na5 23. Bc2 g6 24. Ne3 Bg7 25. Rc1 Qd7 26. Ra1 Nc6 27. Ng4 h5 28.
Ngh2 Qe7 29. Nf1 Qf6 30. Ng3 Qf4 31. Ne4 Bf8 32. Qe3 Qxe3 33. fxe3 Kg7 34. Rf1
Na5 35. Nfg5 f5 36. Nf2 Kg8 37. a4 b4 38. e4 Bh6 39. Nf3 b3 40. Bd1 c4 41. exf5
cxd3 42. fxg6 Kg7 43. Nh4 Bg5 44. Nf5+ Kxg6 45. Bxh5+ Kxh5 46. Ng7+ Kg6 47.
Nxe8 Rxe8 48. Nxd3 Nc4 49. Kh2 Be3 50. Rfd1 e4 51. Nb4 Bd2 52. a5 e3 53. Nd3
Be4 54. Nf4+ Kg5 55. Rf1 Nxb2 56. g3 Bxc3 57. Rac1 Bc2 58. h4+ Kg4 59. Nd5 Nd3
60. Nxc3 e2 61. Rce1 exf1=N+ 62. Rxf1 b2 63. Kg2 Re3 64. Kh2 Rxg3 65. Rf8 Ne5
66. Rg8+ Bg6 67. Rf8 Rxc3 68. Rf2 b1=Q 69. Rg2+ Kxh4 70. Rg1 Nf3+ 71. Kh1 Qxg1#
{Hossa checkmated} 0-1

[Event "ICS rated blitz match"]
[Site "204.178.125.65"]
[Date "2001.01.17"]
[Round "?"]
[White "Valg"]
[Black "Hossa"]
[Result "1/2-1/2"]
[WhiteElo "2769"]
[BlackElo "2526"]
[PlyCount "234"]
[EventDate "2001.??.??"]

1. d4 Nf6 2. c4 e6 3. Nc3 Bb4 4. e3 O-O 5. Bd3 d5 6. Nf3 c5 7. O-O Nc6 8. a3
Bxc3 9. bxc3 dxc4 10. Bxc4 Qc7 11. Bd3 e5 12. Qc2 Re8 13. Nxe5 Nxe5 14. dxe5
Qxe5 15. f3 Be6 16. e4 c4 17. Be2 Qc5+ 18. Kh1 Red8 19. Rd1 a6 20. Bb2 Qf2 21.
Rd4 b5 22. Rf1 Qh4 23. g3 Qh3 24. Qd2 Nd7 25. Rd1 Ra7 26. Rd6 Qh5 27. Qe3 Rda8
28. Qf4 Qc5 29. Bc1 Qc7 30. Bf1 Rb7 31. R6d4 Rd8 32. Qxc7 Rxc7 33. Rd6 Ra8 34.
Bf4 Rb7 35. Kg1 h6 36. Bg2 Nc5 37. Be3 Na4 38. Rd8+ Rxd8 39. Rxd8+ Kh7 40. Bd4
Rd7 41. Rxd7 Bxd7 42. Kf2 Nb2 43. Bf1 f6 44. Ke3 Kg6 45. h4 Be6 46. g4 h5 47.
g5 fxg5 48. hxg5 Kf7 49. f4 g6 50. Bc5 Na4 51. Bd4 Nb2 52. Kd2 h4 53. Bf2 h3
54. f5 gxf5 55. Bxh3 Kg6 56. Be3 Nd3 57. exf5+ Bxf5 58. Bg2 Ne5 59. Bb7 a5 60.
Bd5 Nf7 61. Bc6 Nd6 62. Bf4 Ne4+ 63. Bxe4 Bxe4 64. Ke3 Bc6 65. Kd4 Kf5 66. Bc7
Kxg5 67. Bxa5 Bd7 68. Bc7 Kg4 69. Ke4 Kh5 70. Kf4 Bc6 71. Bb6 Bd7 72. Bd4 Kg6
73. Ke5 Be8 74. Be3 Kh5 75. Kf4 Bc6 76. Bc5 Kg6 77. Ke5 Bd7 78. Be7 Be8 79. Bf6
Kh6 80. Kf5 Bd7+ 81. Kf4 Kg6 82. Be5 Bf5 83. Ke3 Be6 84. Ke4 Bg4 85. Kd5 Bd7
86. Bc7 Kf5 87. Bd6 Kg4 88. Ke4 Bc6+ 89. Ke3 Bd7 90. Bf4 Bf5 91. Be5 Be6 92.
Ke4 Bd7 93. Bf6 Bc6+ 94. Kd4 Bd7 95. Ke4 Bc6+ 96. Kd4 Bd7 97. Be5 Kf3 98. Kc5
Ke4 99. Bd4 Kd3 100. Bg7 Kc2 101. Kb4 Kb2 102. Bd4 Be8 103. Be5 Bc6 104. Bd4
Be4 105. Kxb5 Kxa3 106. Kxc4 Bf3 107. Bc5+ Kb2 108. Kb4 Bg2 109. c4 Bh1 110.
Bd4+ Kc2 111. c5 Bg2 112. Bg7 Bf1 113. c6 Be2 114. Kc5 Bd1 115. c7 Bg4 116. Kb6
Bc8 117. Ka7 Kd2 {Valg ran out of time and Hossa has no material to mate}
1/2-1/2

[Event "ICS rated blitz match"]
[Site "204.178.125.65"]
[Date "2001.01.17"]
[Round "?"]
[White "Hossa"]
[Black "Valg"]
[Result "0-1"]
[WhiteElo "2536"]
[BlackElo "2759"]
[PlyCount "80"]
[EventDate "2001.??.??"]

1. e4 e5 2. Bc4 Nf6 3. d3 Nc6 4. Nc3 Bb4 5. Bg5 h6 6. Bxf6 Bxc3+ 7. bxc3 Qxf6
8. Ne2 d6 9. O-O g5 10. Ng3 h5 11. Re1 h4 12. Nf1 h3 13. g3 Na5 14. Bb3 Bd7 15.
Ne3 c6 16. d4 O-O-O 17. f3 Kb8 18. Ng4 Bxg4 19. fxg4 exd4 20. cxd4 Rhe8 21. c3
Rd7 22. Qe2 Nxb3 23. axb3 Rde7 24. Rf1 Qg6 25. Qa2 a6 26. e5 dxe5 27. dxe5 Rxe5
28. Qa3 Qc2 29. Ra2 Qxc3 30. Qd6+ Ka7 31. Raf2 Re2 32. Rxe2 Rxe2 33. Qf6 Qe3+
34. Qf2 Rxf2 35. Rxf2 Qxb3 36. Re2 Qf3 37. Rd2 Qe3+ 38. Rf2 Qd4 39. Kh1 Qd1+
40. Rf1 Qxf1# {Hossa checkmated} 0-1

[Event "ICS rated blitz match"]
[Site "204.178.125.65"]
[Date "2001.01.17"]
[Round "?"]
[White "Valg"]
[Black "Hossa"]
[Result "1-0"]
[WhiteElo "2770"]
[BlackElo "2529"]
[PlyCount "113"]
[EventDate "2001.??.??"]

1. d4 Nf6 2. c4 e6 3. Nc3 Bb4 4. e3 O-O 5. Bd3 d5 6. Nf3 c5 7. O-O Nc6 8. a3
Bxc3 9. bxc3 dxc4 10. Bxc4 Na5 11. Be2 cxd4 12. exd4 Qc7 13. Qc2 Nc4 14. Rb1 b6
15. Rb4 Nd6 16. Re1 Bb7 17. Bd2 Be4 18. Qc1 Nd5 19. Rb3 Bxf3 20. Bxf3 Nc4 21.
Re2 Rac8 22. Bg5 Na5 23. Bxd5 exd5 24. Rbb2 Rfe8 25. Qe1 Qd7 26. Re7 Rxe7 27.
Bxe7 Nc4 28. Re2 a6 29. f4 f6 30. Bb4 a5 31. Re7 Qc6 32. Ra7 Re8 33. Qg3 g6 34.
Qh3 h5 35. Be7 f5 36. Qh4 Nxa3 37. Bxa3 Qxc3 38. Re7 Qa1+ 39. Kf2 Qxd4+ 40. Kg3
Qd3+ 41. Kf2 Qc2+ 42. Kg3 Rc8 43. Re3 d4 44. Rf3 Qc6 45. Bb2 Qd6 46. Rd3 Rc4
47. Kh3 b5 48. Qf2 Qe6 49. Rxd4 Rc7 50. Rd8+ Kf7 51. Qd4 Ke7 52. Ra8 Qb3+ 53.
g3 Ke6 54. Rd8 Qxb2 55. Qd6+ Kf7 56. Qxc7+ Ke6 57. Rd6# {Hossa checkmated} 1-0